000
00302nam a2200097Ia 4500
082
_a
797.320968
245
0
_a
How to surf : all you need to know about surfing in South Africa
100
_a
MASTERSON, Miles Johannesburg, 2009
_9
76374
942
_c
BK
008
210817s9999 xx 000 0 und d
999
_c
380185
_d
380183